Grammar friend 5

Tallennettuna:
Bibliografiset tiedot
Päätekijä: Tim Ward
Aineistotyyppi: Tuntematon
Julkaistu: 2010
Tagit: Lisää tagi
Ei tageja, Lisää ensimmäinen tagi!
Thư viện lưu trữ: Mạng thư viện Đại học Đà Nẵng
LEADER 00677na a2200217 4500
001 000032697
003 8815
005 20151002110553.0
008 151002s2010 000
082 |a 420.43 
100 |a Tim Ward 
245 |a Grammar friend 5  |c Tim Ward 
260 |c 2010 
OWN |a LNN 
AVA |a UDN50  |b LNN  |d 420.43  |e available  |t Error 5001 Not defined in file expand_doc_bib_avail.  |f 1  |g 0  |h N  |i 0  |k 1 
999 |a From the UDN01 
AVA |a UDN50  |b LNN  |d 420.43  |e available  |t Error 5001 Not defined in file expand_doc_bib_avail.  |f 1  |g 0  |h N  |i 0  |k 1 
TYP |a Printed language 
980 |a Mạng thư viện Đại học Đà Nẵng